00444 a2200157 450000100060000008200160000609000170002210000200003924500150005926000370007430000150011150000170012694200260014399900190016995200980018892145 a297.382 KHA c44106d44105 aZafarullah Khan aAlla'humma aIslamabadbAimal Matboohatc2015 axvi, 224p. aGeneral Book aCAE NUSTk297.382 KHA c327218d327218 001040708NFICaCAEbCAEd2017-04-03l0o297.382 KHApCAEG-9929r2017-04-05w2017-04-05yBK